Länder, die Unabhängigkeit von Frankreich erlangten - Statistiken

Allgemein
  • Dieses Quiz wurde 156 mal gespielt
  • Das Durchschnittsergebnis liegt bei 15 aus 26
Antwortstatistiken
Jahr Land % Korrekt
1962 Algerien
89%
1960 Niger
78%
1955 Marokko
77%
1956 Tunesien
77%
1960 Senegal
74%
1960 Mali
73%
1960 Mauretanien
72%
1958 Guinea
70%
1960 Kamerun
67%
1960 Tschad
67%
1960 Republik Kongo
66%
1960 Elfenbeinküste
65%
1960 Togo
63%
1960 Burkina Faso
59%
1960 Benin
57%
1960 Gabun
53%
1960 Zentralafrikanische Republik
48%
1804 Haiti
47%
1960 Madagaskar
47%
1953 Laos
41%
1953 Kambodscha
37%
1975 Komoren
36%
1814 Andorra
34%
1943 Libanon
29%
1977 Dschibuti
28%
1980 Vanuatu
17%
Keine übereinstimmenden Quizze gefunden
Verteilung der Resultate
Anzahl Personen mit jedem Resultat
Perzentil nach korrekt beantworteten Fragen
Ihre Resultats-Entwicklung
Sie haben dieses Quiz noch nicht gespielt